História do Rei Cabul I e do moço de cozinha Gilberto | A coroa de vulcano (Registo nº 4178)
[ vista simples ]
| 000 -Etiqueta do registo | |
|---|---|
| Cabeçalho | 00794nam0a2200265 4500 |
| 005 - Identificador da versão | |
| Campo de controlo | 20240813122054.0 |
| 095 ## - | |
| -- | PTBN00338162 |
| 010 ## - Número internacional normalizado dos livros (ISBN) | |
| Número (ISBN) | 9726951267 |
| 021 ## - Número do Depósito Legal | |
| Código do país | PT |
| Número | 44301/91 |
| 100 ## - Dados gerais de processamento | |
| Dados gerais de processamento | 20170203d1991 c y0pory5003 ba |
| 102 ## - Pais de publicação ou produção | |
| País de publicação | Portugal |
| 101 1# - Língua de publicação | |
| Língua do texto, banda sonora, etc. | Português |
| Língua do documento no original | Francês |
| 215 ## - Descrição física | |
| Indicação específica da natureza do documento e extensão da espécie | 92, [3] p. |
| Outras indicações físicas | il |
| 200 1# - Titulo e menção de responsabilidade | |
| Título próprio | História do Rei Cabul I e do moço de cozinha Gilberto |
| -- | A coroa de vulcano |
| Primeira menção de responsabilidade | Max Jacob |
| Outras menções de responsabilidade | trad. de Helena Amaral |
| 225 1# - Colecção | |
| Título próprio da colecção | Sésamo |
| Indicação de volume | 18 |
| 210 ## - Publicação, Distribuição, etc. | |
| Lugar da edição, distribuição, etc. | Lisboa |
| Nome do editor, distribuidor, etc. | Teorema |
| Data da publicação, distribuição, etc. | D.L. 1991 |
| 606 ## - Nome comum usado como assunto | |
| Número de registo de entrada de autoridade | 0001419 |
| Palavra de ordem | Literatura francesa |
| Subdivisão de assunto | Conto |
| Código do sistema | CA |
| 675 ## - Classificação Decimal Universal (CDU) | |
| Notação | 821.133.1-34 |
| Edição | 3ª ed. |
| Língua da edição | por |
| 702 #1 - Nome de autor-pessoa física (responsabilidade secundária) | |
| Número de registo de entrada de autoridade | 0000812 |
| Palavra de ordem | Amaral |
| Outra parte do nome não tomada para palavra de ordem | Helena |
| Datas | 1962- |
| Código de função | Tradutor |
| 700 #1 - Nome de autor-pessoa física (responsabilidade principal) | |
| Número de registo de entrada de autoridade | 0000811 |
| Palavra de ordem | Jacob |
| Outra parte do nome não tomada para palavra de ordem | Max |
| Datas | 1876-1944 |
| 966 ## - Identificação da Biblioteca | |
| Sigla | EBVEN |
| 942 ## - Elementos de entrada adicionados (Koha) | |
| Tipo de item no Koha | Livro |
| Situação do levantamento | Origin of item (home branch) (coded) | Biblioteca de empréstimo | Código de barras | Cota | Circulation type (not for loan) | Tipo de documento | Nota do exemplar | Damaged status |
|---|---|---|---|---|---|---|---|---|
| Biblioteca Escolar das Vendas | Biblioteca Escolar das Vendas | BEV96 | 8EST JAC | Livro | Sem mensagem |
